Sistemas de transferencias subnacionales : (Registro nro. 6772)
[ vista simple ]
| 000 -LEADER | |
|---|---|
| fixed length control field | 02006nam a2200361 4500 |
| 003 - CONTROL NUMBER IDENTIFIER | |
| control field | OSt |
| 005 - DATE AND TIME OF LATEST TRANSACTION | |
| control field | 20200729124959.0 |
| 008 - FIXED-LENGTH DATA ELEMENTS--GENERAL INFORMATION | |
| fixed length control field | 200729b2016 ck adb|gr|||| 00| 0 spa d |
| 020 ## - INTERNATIONAL STANDARD BOOK NUMBER | |
| International Standard Book Number | 9789586643139 |
| 040 ## - CATALOGING SOURCE | |
| Original cataloging agency | CO-JMCR |
| Transcribing agency | CO-JMCR |
| 041 0# - LANGUAGE CODE | |
| Language code of text/sound track or separate title | spa |
| 082 04 - DEWEY DECIMAL CLASSIFICATION NUMBER | |
| Classification number | 336.861 / |
| Item number | B712s |
| Edition number | 23 |
| 111 2# - MAIN ENTRY--MEETING NAME | |
| Meeting name or jurisdiction name as entry element | Seminario Internacional ¿Cómo va el Sistema General de Participaciones?, (9 de mayo de 2014 |
| Location of meeting | Cartagena : Colombia) |
| 9 (RLIN) | 8089 |
| 245 20 - TITLE STATEMENT | |
| Title | Sistemas de transferencias subnacionales : |
| Remainder of title | lecciones para una reforma en Colombia : memorias / |
| Statement of responsibility, etc. | Seminario Internacional ¿Cómo va el Sistema General de Participaciones?, 9 de mayo de 2014 ; prólogo Rafael de la Cruz, Ramiro López Ghio ; fotografía Emilio Aparicio Rodríguez. |
| 250 ## - EDITION STATEMENT | |
| Edition statement | Primera edición |
| 260 ## - PUBLICATION, DISTRIBUTION, ETC. | |
| Place of publication, distribution, etc. | Bogotá : |
| Name of publisher, distributor, etc. | BAnco de la República, |
| Date of publication, distribution, etc. | 2014 |
| 300 ## - PHYSICAL DESCRIPTION | |
| Extent | 200 páginas : |
| Other physical details | ilustraciones, gráficos, mapas a color y blanco y negro ; |
| Dimensions | 23 cm. |
| 490 0# - SERIES STATEMENT | |
| Series statement | Colección de economía nacional |
| 504 ## - BIBLIOGRAPHY, ETC. NOTE | |
| Bibliography, etc. note | Incluye bibliografías. |
| 505 0# - FORMATTED CONTENTS NOTE | |
| Formatted contents note | Visión internacional de la teoría y la practica en los sistemas de transferencia intergubernamental -- La experiencia colombiana |
| 520 0# - SUMMARY, ETC. | |
| Summary, etc. | El proceso de la descentralización ha sido una de las herramientas claves para alcanzar las coberturas actuales en materia de educación y salud en Colombia. |
| 650 14 - SUBJECT ADDED ENTRY--TOPICAL TERM | |
| Source of heading or term | Hacienda pública |
| Form subdivision | Congresos, conferencias, |
| Geographic subdivision | Colombia |
| 9 (RLIN) | 8090 |
| 650 24 - SUBJECT ADDED ENTRY--TOPICAL TERM | |
| Source of heading or term | Gastos públicos |
| Form subdivision | Congresos, conferencias, |
| Geographic subdivision | Colombia |
| 9 (RLIN) | 8090 |
| 650 24 - SUBJECT ADDED ENTRY--TOPICAL TERM | |
| Source of heading or term | Descentralización fiscal |
| Form subdivision | Congresos, conferencias, |
| Geographic subdivision | Colombia |
| 9 (RLIN) | 8090 |
| 650 24 - SUBJECT ADDED ENTRY--TOPICAL TERM | |
| Source of heading or term | Transferencias Intergubernamentales |
| Form subdivision | Congresos, conferencias, |
| Geographic subdivision | Colombia |
| 9 (RLIN) | 8090 |
| 700 1# - ADDED ENTRY--PERSONAL NAME | |
| Personal name | Cruz, Rafael de la, |
| Relator term | prologuista. |
| 9 (RLIN) | 6932 |
| 700 1# - ADDED ENTRY--PERSONAL NAME | |
| Personal name | Lopez Ghio, Ramiro, |
| Relator term | prologuista. |
| 9 (RLIN) | 7717 |
| 700 1# - ADDED ENTRY--PERSONAL NAME | |
| Personal name | Bonet, Jaime, |
| Relator term | editor. |
| 9 (RLIN) | 8091 |
| 700 1# - ADDED ENTRY--PERSONAL NAME | |
| Personal name | Galvis, Luis Armando, |
| Relator term | editor. |
| 9 (RLIN) | 8092 |
| 700 1# - ADDED ENTRY--PERSONAL NAME | |
| Personal name | Aparicio Rodríguez, Emilio, |
| Relator term | fotográfo. |
| 9 (RLIN) | 8093 |
| 710 2# - ADDED ENTRY--CORPORATE NAME | |
| Corporate name or jurisdiction name as entry element | Banco de la República (Bogotá) |
| 9 (RLIN) | 8094 |
| 942 ## - ADDED ENTRY ELEMENTS (KOHA) | |
| Source of classification or shelving scheme | Dewey Decimal Classification |
| Koha item type | Books |
| Withdrawn status | Lost status | Source of classification or shelving scheme | Damaged status | Not for loan | Home library | Current library | Shelving location | Date acquired | Source of acquisition | Total Checkouts | Full call number | Barcode | Date last seen | Copy number | Price effective from | Koha item type |
|---|---|---|---|---|---|---|---|---|---|---|---|---|---|---|---|---|
| Dewey Decimal Classification | Biblioteca Pública José María del Castillo y Rada | Biblioteca Pública José María del Castillo y Rada | General Stacks | 04/15/2018 | Donación | 336.861 / B712s | 201809843 | 05/16/2024 | Ej.1 | 04/15/2018 | Books |